| 000 | 00667nam a22002297a 4500 | ||
|---|---|---|---|
| 003 | UA-OsUOA | ||
| 001 | 55928 | ||
| 007 | ta | ||
| 008 | 20080922b un ||||| |||| 00| 0 ukr d | ||
| 090 |
_a341.1:339.543(4+477) _bМ66 |
||
| 942 | _cBK | ||
| 040 |
_aUA-OsUOA _bukr _cUA-OsUOA _dUA-OsUOA |
||
| 245 |
_aМитне регулювання в ЄС та в Україні _bНауково-практичний посібник |
||
| 300 | _a832 с. | ||
| 955 | _a1 | ||
| 041 | _aukr | ||
| 080 | _a341.1:339.543(4+477) | ||
| 020 | _a966-8578-02-3 | ||
| 260 |
_aК. _bНіка-Прінт _c2005 |
||
| 650 | 7 |
_a341 Міжнародне право _2UDC |
|
| 999 |
_c342343 _d342343 |
||